Umělec a sítě : přátelé, spolupracovníci, zadavatelé zakázek
Saved in:
| Main Author | |
|---|---|
| Other Authors | , , , |
| Format | Book |
| Language | Czech Slovak |
| Published |
Praha :
Národní galerie v Praze ; Ústav dějin umění AV ČR, v.v.i.,
2025
|
| Subjects | |
| ISBN | 978-80-7035-888-7 978-80-53018-06-7 |
| Physical Description | 316 stran : ilustrace (převážně barevné), portréty, faksimile ; 24 cm |
Cover
| LEADER | 00000nam a2200000 i 4500 | ||
|---|---|---|---|
| 001 | 115444 | ||
| 003 | CZ ZlUTB | ||
| 005 | 20260407071200.0 | ||
| 007 | ta | ||
| 008 | 260302s2025 xr ach f 001 0dcze | ||
| 015 | |a cnb003743284 | ||
| 020 | |a 978-80-7035-888-7 |q (Národní galerie v Praze ; |q brožováno) | ||
| 020 | |a 978-80-53018-06-7 |q (Ústav dějin umění AV ČR ; |q brožováno) | ||
| 040 | |a OLA001 |b cze |d ABA001 |e rda | ||
| 041 | 1 | |a cze |a slo |b eng |h eng | |
| 043 | |a e------ | ||
| 045 | |a s-x- | ||
| 072 | 7 | |a 72/76 |x Výtvarné umění |2 Konspekt |9 21 | |
| 080 | |a 72/76.071.1 |2 MRF | ||
| 080 | |a 316.472.4 |2 MRF | ||
| 080 | |a 72/76.05-027.39 |2 MRF | ||
| 080 | |a 002+801.82 |2 MRF | ||
| 080 | |a 72/76(091) |2 MRF | ||
| 080 | |a 316.74:7 |2 MRF | ||
| 080 | |a (4) |2 MRF | ||
| 080 | |a (048.8:082) |2 MRF | ||
| 245 | 0 | 0 | |a Umělec a sítě : |b přátelé, spolupracovníci, zadavatelé zakázek / |c Kristina Uhlíková, Radka Heisslerová, Eva Jarošová (eds.) ; překlad anglických textů a resumé: Lucie Kasíková, Jan Kasík |
| 264 | 1 | |a Praha : |b Národní galerie v Praze ; |b Ústav dějin umění AV ČR, v.v.i., |c 2025 | |
| 300 | |a 316 stran : |b ilustrace (převážně barevné), portréty, faksimile ; |c 24 cm | ||
| 336 | |a text |b txt |2 rdacontent | ||
| 337 | |a bez média |b n |2 rdamedia | ||
| 338 | |a svazek |b nc |2 rdacarrier | ||
| 500 | |a Částečně přeloženo z angličtiny | ||
| 504 | |a Obsahuje bibliografii, bibliografické odkazy a rejstřík | ||
| 546 | |a Částečně slovenský text, anglické resumé | ||
| 648 | 7 | |a 15.-20. století |7 ch757041 |2 czenas | |
| 650 | 0 | 7 | |a výtvarní umělci |7 ph116709 |z Evropa |y 15.-20. století |2 czenas |
| 650 | 0 | 7 | |a výtvarní umělci |7 ph116709 |x přátelé a spolupracovníci |2 czenas |
| 650 | 0 | 7 | |a sociální sítě |7 ph125817 |z Evropa |y 15.-20. století |2 czenas |
| 650 | 0 | 7 | |a umělecké zakázky |7 ph815184 |z Evropa |y 15.-20. století |2 czenas |
| 650 | 0 | 7 | |a písemné prameny |7 ph115977 |z Evropa |y 15.-20. století |2 czenas |
| 650 | 0 | 7 | |a dějiny umění |7 ph119698 |z Evropa |y 15.-20. století |2 czenas |
| 650 | 0 | 7 | |a sociologie umění |7 ph116201 |z Evropa |y 15.-20. století |2 czenas |
| 650 | 0 | 9 | |a artists |z Europe |y 15th-20th centuries |2 eczenas |
| 650 | 0 | 9 | |a artists |x friends and associates |2 eczenas |
| 650 | 0 | 9 | |a social networks |z Europe |y 15th-20th centuries |2 eczenas |
| 650 | 0 | 9 | |a art commission |z Europe |y 15th-20th centuries |2 eczenas |
| 650 | 0 | 9 | |a written sources |z Europe |y 15th-20th centuries |2 eczenas |
| 650 | 0 | 9 | |a history of art |z Europe |y 15th-20th centuries |2 eczenas |
| 650 | 0 | 9 | |a sociology of art |z Europe |y 15th-20th centuries |2 eczenas |
| 655 | 7 | |a kolektivní monografie |7 fd501537 |2 czenas | |
| 655 | 9 | |a collective monographs |2 eczenas | |
| 700 | 1 | |a Uhlíková, Kristina, |d 1974- |7 mzk2005282593 |4 edt | |
| 700 | 1 | |a Heisslerová, Radka, |d 1980- |7 mzk2009517594 |4 aut |4 edt | |
| 700 | 1 | |a Jarošová, Eva |7 ola20201078272 |4 edt | |
| 700 | 1 | |a Kasíková, Lucie |7 xx0201780 |4 trl | |
| 700 | 1 | |a Kasík, Jan |4 trl | |
| 710 | 2 | |a Národní galerie (Praha, Česko) |7 kn20010709071 |4 pbl | |
| 710 | 2 | |a Ústav dějin umění (Akademie věd ČR) |7 kn20010709009 |4 pbl | |
| 910 | |a ZLD002 | ||
| 942 | |2 udc | ||
| 952 | |0 0 |1 0 |4 0 |6 7276UMĚLEC |7 0 |8 BOOK |9 190599 |a UTBZL |b UTBZL |c 006 |d 2026-04-07 |l 0 |o 72/76/UMĚLEC |p 420010201683 |r 2026-04-07 07:13:17 |v 550.00 |w 2026-04-07 |x N:nákup |y 04 | ||
| 992 | |a BK |b SKNEW | ||
| 999 | |c 115444 |d 115444 | ||